| 000 | 01078nam0a22002531 4500 | ||
|---|---|---|---|
| 001 | rc\3583905 | ||
| 005 | 20260407162522.0 | ||
| 021 |
_aRU _bРг7907-74 |
||
| 021 |
_aRU _b74-53234 |
||
| 035 | _a(NLR Aleph) 007698647 | ||
| 090 |
_a6720947 _c6720947 |
||
| 100 | _a20130115d1974 |||y0rusy50 ca | ||
| 101 | 0 | _arus | |
| 102 | _aRU | ||
| 105 | _ay z ||||| | ||
| 200 | 1 |
_aПовышение извлечения полезных компонентов из алюмосодержащего сырья _e(Тезисы докл.) 23-24 мая _fСвердл. обл. правл. НТО цв. металлургии. Секция легких металлов. свердл. обл. дом техники. НТО |
|
| 210 |
_aСвердловск _cБ. и. _d1974 |
||
| 215 |
_a[1], 24 с. _d21 |
||
| 712 | 0 | 2 |
_aНТО цветной металлургии _cМосква _bСвердловское областное правление _3RU\NLR\AUTH\8810100957 _9702920 |
| 801 | 0 |
_aRU _bNLR _gpsbo |
|
| 801 | 1 |
_aRU _bELAR _2rusmarc |
|
| 852 |
_aNLR _j74-4/10433 |
||
| 942 | _cBOOK | ||
| 980 | _aNB | ||